Sacred writings (Registro nro. 954)
[ vista simple ]
| 000 -CABECERA | |
|---|---|
| Longitud fija campo de control | 01335nam a22004097a 4500 |
| 003 - IDENTIFICADOR DELl NÚMERO DE CONTROL | |
| Identificador del número de control | OSt |
| 005 - FECHA Y HORA DE LA ÚLTIMA TRANSACCIÓN | |
| Fecha y hora de la última transacción | 20140220090002.0 |
| 008 - CÓDIGOS DE INFORMACIÓN DE LONGITUD FIJA | |
| Códigos de información de longitud fija | 130620b19381965eng||||| |||| 00| 0 eng d |
| 040 ## - FUENTE DE LA CATALOGACIÓN | |
| Centro transcriptor | BMC |
| 082 ## - NÚMERO DE LA CLASIFICACIÓN DECIMAL DEWEY | |
| Númeroo de clasificación | 200 |
| 082 ## - NÚMERO DE LA CLASIFICACIÓN DECIMAL DEWEY | |
| Númeroo de clasificación | 299.512 |
| 082 ## - NÚMERO DE LA CLASIFICACIÓN DECIMAL DEWEY | |
| Número de edición | 223 |
| 082 ## - NÚMERO DE LA CLASIFICACIÓN DECIMAL DEWEY | |
| Númeroo de clasificación | 226 |
| 082 ## - NÚMERO DE LA CLASIFICACIÓN DECIMAL DEWEY | |
| Númeroo de clasificación | 227 |
| 082 ## - NÚMERO DE LA CLASIFICACIÓN DECIMAL DEWEY | |
| Númeroo de clasificación | 294.3 |
| 082 ## - NÚMERO DE LA CLASIFICACIÓN DECIMAL DEWEY | |
| Númeroo de clasificación | 294.5 |
| 082 ## - NÚMERO DE LA CLASIFICACIÓN DECIMAL DEWEY | |
| Númeroo de clasificación | 297 |
| 245 00 - MENCIÓN DE TÍTULO | |
| Título | Sacred writings |
| Mención de responsabilidad, etc. | [translated and annotated by Henry Clarke Warren, Sir Edwin Arnold, and E. H. Palmer] |
| 250 ## - MENCIÓN DE EDICIÓN | |
| Mención de edición | 56th printing |
| 260 ## - PUBLICACIÓN, DISTRIBUCIÓN, ETC. (PIE DE IMPRENTA) | |
| Lugar de publicación, distribución, etc. | New York |
| Nombre del editor, distribuidor, etc. | P.F. Collier & Son |
| Fecha de publicación, distribución, etc. | 1965 |
| 300 ## - DESCRIPCIÓN FÍSICA | |
| Extensión | 2 v. |
| Otras características físicas | 22 cm |
| 490 0# - MENCIÓN DE SERIE | |
| Mención de serie | The Harvard classics / edited by Charles W. Elliot |
| Designación de volumen o secuencia | 44-45 |
| 500 ## - NOTA GENERAL | |
| Nota general | En la port.: With introduction and notes |
| 505 ## - NOTA DE CONTENIDO CON FORMATO | |
| Nota de contenido con formato | Contiene: Vol. I: Confucian ; Hebrew ; Christian, part 1. - Vol. II: Christian, part. 2 ; Buddhist ; Hindu ; Mohammedan |
| 630 04 - PUNTO DE ACCESO ADICIONAL DE MATERIA - TÍTULO UNIFORME | |
| 9 (RLIN) | 2566 |
| Título uniforme | Biblia |
| Nombre de parte o sección de la obra | A.T. |
| 630 04 - PUNTO DE ACCESO ADICIONAL DE MATERIA - TÍTULO UNIFORME | |
| 9 (RLIN) | 2568 |
| Título uniforme | Biblia |
| Nombre de parte o sección de la obra | N.T. |
| -- | Evangelios |
| 650 24 - PUNTO DE ACCESO ADICIONAL DE MATERIA - TÉRMINO DE MATERIA | |
| 9 (RLIN) | 1517 |
| Término de materia o nombre geográfico como elemento inicial | Confucianismo |
| 650 24 - PUNTO DE ACCESO ADICIONAL DE MATERIA - TÉRMINO DE MATERIA | |
| 9 (RLIN) | 1528 |
| Término de materia o nombre geográfico como elemento inicial | Epístolas paulinas |
| 650 24 - PUNTO DE ACCESO ADICIONAL DE MATERIA - TÉRMINO DE MATERIA | |
| 9 (RLIN) | 1527 |
| Término de materia o nombre geográfico como elemento inicial | Hinduismo |
| 650 24 - PUNTO DE ACCESO ADICIONAL DE MATERIA - TÉRMINO DE MATERIA | |
| 9 (RLIN) | 1522 |
| Término de materia o nombre geográfico como elemento inicial | Islamismo |
| 650 24 - PUNTO DE ACCESO ADICIONAL DE MATERIA - TÉRMINO DE MATERIA | |
| 9 (RLIN) | 1524 |
| Término de materia o nombre geográfico como elemento inicial | Budismo |
| 700 1# - PUNTO DE ACCESO ADICIONAL - NOMBRE DE PERSONA | |
| 9 (RLIN) | 1519 |
| Nombre de persona | Warren, Henry Clarke |
| Fechas asociadas al nombre | 1854-1899 |
| 700 1# - PUNTO DE ACCESO ADICIONAL - NOMBRE DE PERSONA | |
| 9 (RLIN) | 1379 |
| Nombre de persona | Eliot, Charles William |
| Fechas asociadas al nombre | 1834-1926 |
| 700 1# - PUNTO DE ACCESO ADICIONAL - NOMBRE DE PERSONA | |
| 9 (RLIN) | 1520 |
| Nombre de persona | Arnold, Edwin |
| Títulos y otros términos asociados al nombre | Sir |
| Fechas asociadas al nombre | 1832-1904 |
| 700 1# - PUNTO DE ACCESO ADICIONAL - NOMBRE DE PERSONA | |
| 9 (RLIN) | 1521 |
| Nombre de persona | Palmer, Harold E. |
| Fechas asociadas al nombre | 1877-1949 |
| 942 ## - ENTRADA DE ELEMENTOS AGREGADOS (KOHA) | |
| Fuente de clasificaión o esquema | Dewey Decimal Classification |
| Koha [por defecto] tipo de item | 1- Monografias |
| Suprimido | Perdido | Fuente de clasificación o esquema | Estropeado | Restricciones de uso | No para préstamo | Código de colección | Localización permanente | Localización actual | Localización en estanter&íacute;as | Fecha adquisición | Fuente de adquisición | Número de inventario | Préstamos totales | Signatura completa | Código de barras | Fecha última consulta | Coste, precio reemplazado | Fecha del precio de reemplazo | Tipo de item de Koha |
|---|---|---|---|---|---|---|---|---|---|---|---|---|---|---|---|---|---|---|---|
| NULL | NULL | Dewey Decimal Classification | NULL | Prestable | NULL | NULL | Biblioteca Miguel de Cervantes - UNICAES | Biblioteca Miguel de Cervantes - UNICAES | Sala Principal | 28/10/2009 | Donación - Mauricio Arrieta Gálvez | 000976 | 200 SAC | 1000976 | 22/06/2013 | 15.00 | 22/06/2013 | 1- Monografias | |
| NULL | NULL | Dewey Decimal Classification | NULL | Prestable | NULL | NULL | Biblioteca Miguel de Cervantes - UNICAES | Biblioteca Miguel de Cervantes - UNICAES | Sala Principal | 28/10/2009 | Donación - Mauricio Arrieta Gálvez | 1000975 | 200 SAC | 1000975 | 28/06/2013 | 15.00 | 28/06/2013 | 1- Monografias |